[Event "Titled Tuesday intern op 18th Jul Late"]
[Site "Chess.com INT"]
[Date "2023.07.18"]
[Round "7"]
[White "Schuster, Karsten"]
[Black "Vanek, Tomas"]
[Result "0-1"]
[WhiteElo "2309"]
[BlackElo "2122"]
[PlyCount "48"]
[EventDate "2023.07.18"]
[EventType "swiss (blitz)"]
[EventRounds "11"]
[EventCountry "USA"]
[SourceTitle "EXT 2024"]
[Source "ChessBase"]
[SourceDate "2023.10.10"]
[SourceVersion "1"]
[SourceVersionDate "2023.10.10"]
[SourceQuality "1"]

1. Nf3 e6 2. b3 f5 3. Bb2 Nf6 4. g3 Be7 5. Bg2 0-0 6. 0-0 c5 7. c4 Nc6 8. Ne5 Nxe5 9. Bxe5 d6 10. Bb2 e5 11. Nc3 Rb8 12. Nd5 Nxd5 13. Bxd5+ Kh8 14. f4 Bf6 15. e3 e4 16. Bxf6 Qxf6 17. d3 Qc3 18. dxe4 Qxe3+ 19. Kh1 fxe4 20. Re1 Qc3 21. Bxe4 b5 22. Qxd6 Bh3 23. Qxc5 Rfe8 24. Bg2 Rxe1+ 0-1

[Event "Titled Tuesday intern op 11th Jul Late"]
[Site "Chess.com INT"]
[Date "2023.07.11"]
[Round "8"]
[White "Estrada Nieto, Julian"]
[Black "Schuster, Karsten"]
[Result "1-0"]
[WhiteElo "2217"]
[BlackElo "2309"]
[PlyCount "109"]
[EventDate "2023.07.11"]
[EventType "swiss (blitz)"]
[EventRounds "11"]
[EventCountry "USA"]
[SourceTitle "EXT 2024"]
[Source "ChessBase"]
[SourceDate "2023.10.10"]
[SourceVersion "1"]
[SourceVersionDate "2023.10.10"]
[SourceQuality "1"]

1. e4 d5 2. exd5 Qxd5 3. Nc3 Qd6 4. d4 c6 5. Nf3 Bg4 6. Be3 Nf6 7. h3 Bh5 8. g4 Bg6 9. Ne5 Nbd7 10. f4 Be4 11. Rg1 Bd5 12. Bd3 g6 13. Qe2 Bg7 14. 0-0-0 Nb6 15. f5 Nfd7 16. Bf4 Qb4 17. Qe3 Nxe5 18. Bxe5 Bxe5 19. Qxe5 f6 20. Qc7 Qd6 21. Qxd6 exd6 22. fxg6 hxg6 23. Bxg6+ Kf8 24. Rg3 Kg7 25. Bh5 Bc4 26. b3 Ba6 27. Ne4 d5 28. Nd6 Rhd8 29. Nf5+ Kh8 30. Re1 Rd7 31. Re6 Rf8 32. Rge3 Bf1 33. h4 Bg2 34. Ne7 Be4 35. Bg6 Rxe7 36. Rxe7 Bxg6 37. Rxb7 Kg8 38. Rxa7 Re8 39. Rxe8+ Bxe8 40. Rb7 Nd7 41. Rc7 Nf8 42. a4 Ne6 43. Rc8 Kf7 44. c3 Bd7 45. Rb8 Nf4 46. Kd2 Ng2 47. a5 Nxh4 48. a6 Nf3+ 49. Ke3 Ng5 50. a7 Ne4 51. a8Q Nxc3 52. Rf8+ Kg6 53. Qd8 Bxg4 54. Qxf6+ Kh5 55. Rh8# 1-0

[Event "Titled Tuesday intern op 11th Jul Late"]
[Site "Chess.com INT"]
[Date "2023.07.11"]
[Round "4"]
[White "Gazola, Vanessa Ramos"]
[Black "Schuster, Karsten"]
[Result "0-1"]
[WhiteElo "1932"]
[BlackElo "2309"]
[PlyCount "50"]
[EventDate "2023.07.11"]
[EventType "swiss (blitz)"]
[EventRounds "11"]
[EventCountry "USA"]
[SourceTitle "EXT 2024"]
[Source "ChessBase"]
[SourceDate "2023.10.10"]
[SourceVersion "1"]
[SourceVersionDate "2023.10.10"]
[SourceQuality "1"]

1. d4 d5 2. c4 e6 3. Nc3 Nf6 4. cxd5 exd5 5. Bg5 Be7 6. e3 c6 7. Bd3 0-0 8. Qc2 Nbd7 9. Nge2 Re8 10. 0-0 Nf8 11. Rab1 Ne4 12. Bxe7 Qxe7 13. Bxe4 dxe4 14. d5 f5 15. dxc6 bxc6 16. Na4 Ba6 17. Nc5 Bxe2 18. Qxe2 Qxc5 19. Rbc1 Qb6 20. b3 Kh8 21. Qh5 g6 22. Qg5 Qd8 23. Qf4 Qf6 24. h4 Rac8 25. Rc5 Ne6 0-1

[Event "Titled Tuesday intern op 27th Jun Late"]
[Site "Chess.com INT"]
[Date "2023.06.27"]
[Round "8"]
[White "Cooper, Aaron"]
[Black "Schuster, Karsten"]
[Result "0-1"]
[WhiteElo "1904"]
[BlackElo "2309"]
[PlyCount "54"]
[EventDate "2023.06.27"]
[EventType "swiss (blitz)"]
[EventRounds "11"]
[EventCountry "USA"]
[SourceTitle "EXT 2024"]
[Source "ChessBase"]
[SourceDate "2023.10.10"]
[SourceVersion "1"]
[SourceVersionDate "2023.10.10"]
[SourceQuality "1"]

1. e4 d5 2. exd5 Qxd5 3. Nc3 Qd6 4. d4 c6 5. Bc4 Nf6 6. Nge2 Bg4 7. f3 Bh5 8. Bf4 Qb4 9. Bb3 e6 10. 0-0 Nbd7 11. a3 Qa5 12. Ng3 Bg6 13. Re1 Be7 14. Qe2 0-0 15. Nce4 Nd5 16. Bd2 Qc7 17. c4 N5b6 18. Rac1 Qd8 19. Bf4 Nf6 20. Be5 Nbd7 21. Rcd1 Re8 22. f4 Nxe4 23. Nxe4 f6 24. Bd6 Nf8 25. Bxe7 Qxe7 26. Nc5 Kh8 27. d5 Qxc5+ 0-1

[Event "Titled Tuesday intern op 27th Jun Late"]
[Site "Chess.com INT"]
[Date "2023.06.27"]
[Round "3"]
[White "Rengifo Blancas, Renzo Jhonathan"]
[Black "Schuster, Karsten"]
[Result "1-0"]
[WhiteElo "2131"]
[BlackElo "2309"]
[PlyCount "53"]
[EventDate "2023.06.27"]
[EventType "swiss (blitz)"]
[EventRounds "11"]
[EventCountry "USA"]
[SourceTitle "EXT 2024"]
[Source "ChessBase"]
[SourceDate "2023.10.10"]
[SourceVersion "1"]
[SourceVersionDate "2023.10.10"]
[SourceQuality "1"]

1. e4 d5 2. exd5 Qxd5 3. Nc3 Qd6 4. Bc4 Nf6 5. Nf3 c6 6. d4 Bg4 7. 0-0 e6 8. Be3 Qc7 9. h3 Bh5 10. g4 Bg6 11. Ne5 Nd5 12. Qf3 Nxc3 13. bxc3 Bxc2 14. Rfe1 Bd6 15. Bf4 0-0 16. Qg3 Rd8 17. Rac1 Bg6 18. h4 f6 19. Bxe6+ Kh8 20. Nxg6+ hxg6 21. Bxd6 Qxd6 22. Qxd6 Rxd6 23. Bf7 Kh7 24. Re8 Rd7 25. Bg8+ Kh6 26. Be6 Kh7 27. Bxd7 1-0

[Event "Titled Tuesday intern op 27th Jun Late"]
[Site "Chess.com INT"]
[Date "2023.06.27"]
[Round "10"]
[White "Schuster, Karsten"]
[Black "Howell, David"]
[Result "0-1"]
[WhiteElo "2309"]
[BlackElo "2677"]
[PlyCount "68"]
[EventDate "2023.06.27"]
[EventType "swiss (blitz)"]
[EventRounds "11"]
[EventCountry "USA"]
[SourceTitle "EXT 2024"]
[Source "ChessBase"]
[SourceDate "2023.10.10"]
[SourceVersion "1"]
[SourceVersionDate "2023.10.10"]
[SourceQuality "1"]

1. d4 e6 2. c4 Bb4+ 3. Nc3 b6 4. Qc2 Bb7 5. f3 Qh4+ 6. g3 Qxd4 7. e4 Nc6 8. Bd2 f5 9. exf5 Qe5+ 10. Be2 Nd4 11. Qd3 Nxf5 12. 0-0-0 0-0-0 13. Bf4 Qf6 14. Nb5 e5 15. Be3 Nxe3 16. Qxe3 a6 17. Nc3 Ne7 18. Nh3 Nf5 19. Qd3 Nd4 20. Ne4 Qh6+ 21. Nhg5 Bxe4 22. Qxe4 Qxg5+ 23. f4 Nxe2+ 24. Kb1 Qg6 25. f5 Qc6 26. Qxe2 Rhe8 27. Rd5 Kb8 28. Rhd1 d6 29. a3 Bc5 30. b4 Bd4 31. b5 axb5 32. Rxb5 Kb7 33. a4 Ra8 34. Qc2 Ra6 0-1